Statistics for Unscramble Snack Brands

Click here to take the quiz!

General Stats

  • This quiz has been taken 84 times
  • The average score is 9 of 15

Answer Stats

HintAnswer% Correct
SMM'&M&M'S
96%
eroosOreos
89%
ksitletsSkittles
84%
as'lyLay's
80%
sesereReese's
71%
ohecetsCheetos
70%
xhic exmChex Mix
67%
ostridoDoritos
63%
uyfnnsuFunyuns
54%
mobcosCombos
51%
tosfirFritos
50%
mersucskSmuckers
40%
gerpilsnPringles
39%
torpatpPoptart
27%
acionbsNabisco
17%

Score Distribution

Percentile by Number Answered

Percent of People with Each Score

Your Score History

You have not taken this quiz